000 00439cam a2200169ua 4500
020 _c4.50
041 _aeng
_h
082 _a801
_bGB/AM
100 _aIgbert, Oliver .
245 0 0 _aAmerican Literature 1890-1965 An Anthology /
_cOliver Igbert.
_hTextual Documents
260 _aNew Delhi :
_bEurasia Publishing house pvt ltd ,
_c1967.
300 _a595 ; .
365 _a4.50
504 _a
942 _cBK
999 _c861
_d861